[Event "Corus C"]
[Site "Wijk aan Zee NED"]
[Date "2007.01.23"]
[Round "9"]
[White "Jonkman,H"]
[Black "Negi,P"]
[Result "0-1"]
[WhiteElo "2425"]
[BlackElo "2538"]

1.e4 c5 2.c3 d5 3.exd5 Qxd5 4.d4 Nf6 5.Nf3 Bg4 6.dxc5 Qxd1+ 7.Kxd1 e5 8.b4 e4
9.h3 Bh5 10.g4 Nxg4 11.hxg4 Bxg4 12.Nd2 exf3 13.Bd3 Nc6 14.Re1+ Be7 15.Kc2 Kf8
16.a4 h5 17.Ba3 Nd8 18.Be4 Rc8 19.Nxf3 h4 20.Nd4 Rh5 21.Nb5 a6 22.Nd6 Bxd6
23.cxd6 b5 24.axb5 axb5 25.Bc1 Re5 26.f3 Bxf3 27.d7 Rc4 28.Bxf3 Rxe1 29.Bg5 Rxa1
30.Bxd8 Ra2+ 31.Kd3 Ra3 32.Bf6 Rcxc3+ 33.Bxc3 Ke7 34.Bc6 h3 35.Bxb5 h2 36.Bc6 f6
37.b5 Ra7 38.Bb4+ Kd8 39.Bd6 Rxd7 40.Bxd7 h1=Q 41.Kd4  0-1

[Event "Corus C"]
[Site "Wijk aan Zee NED"]
[Date "2007.01.24"]
[Round "10"]
[White "Negi,P"]
[Black "Van Haastert,E"]
[Result "1/2-1/2"]
[WhiteElo "2538"]
[BlackElo "2391"]

1.e4 e6 2.d4 d5 3.Nc3 Bb4 4.e5 b6 5.a3 Bf8 6.b4 c5 7.Rb1 Nc6 8.Bb5 Bd7 9.Nge2 Nxd4
10.Nxd4 cxd4 11.Bxd7+ Qxd7 12.Ne2 Ne7 13.O-O Rc8 14.Bb2 Nc6 15.f4 Be7 16.Nxd4 Nxd4
17.Bxd4 O-O 18.c3 f5 19.h3  1/2-1/2

[Event "Corus C"]
[Site "Wijk aan Zee NED"]
[Date "2007.01.26"]
[Round "11"]
[White "Peng Zhaoqin"]
[Black "Negi,P"]
[Result "1/2-1/2"]
[WhiteElo "2431"]
[BlackElo "2538"]

1.Nf3 Nf6 2.c4 g6 3.Nc3 d5 4.cxd5 Nxd5 5.Qa4+ Bd7 6.Qh4 Nxc3 7.dxc3 Nc6 8.e4 e5
9.Qxd8+ Rxd8 10.Bc4 f6 11.Be3 a5 12.Nd2 b6 13.a4 Bd6 14.Ke2 Nb8 15.f3 Ke7
16.Rhb1 h5 17.Rd1 Be6 18.Bf2 Nc6 19.Bd5 Bxd5 20.exd5 Nb8 21.Ne4 Na6 22.Rab1 h4
23.h3 f5 24.Nxd6 Rxd6 25.b4 axb4 26.cxb4 Kd8 27.b5 Nb8 28.Rbc1 Rh7 29.Be1 Rhd7
30.Bxh4+ Kc8 31.Bf2 Kb7 32.Rc6 g5 33.g4 Rh7 34.Rxd6 cxd6 35.Rc1 Rxh3 36.gxf5 Rh7
37.Rg1 Nd7 38.Rxg5 Rf7 39.Kd3 Kc7 40.Kc4 Rh7 41.Kd3 Rf7 42.Be3 Nf6 43.f4 exf4
44.Bxf4 Nxd5 45.Bd2 Rh7 46.Kd4 Nf6 47.Be1 Kd7 48.Bg3 Re7 49.Rg6 Re4+ 50.Kd3 Rxa4
51.Rxf6 Ra3+ 52.Ke4 Rxg3 53.Rf7+ Kd8 54.Kd5 Rd3+ 55.Kc6 Ke8 56.Rf6 d5 57.Re6+ Kf7
58.Kxb6 d4 59.Rd6 Rd1 60.Kc7 d3 61.b6 d2 62.Kb7 Ke7 63.Rd5 Kf6 64.Kb8 Rb1
65.Rxd2 Rxb6+ 66.Kc7  1/2-1/2

[Event "Corus C"]
[Site "Wijk aan Zee NED"]
[Date "2007.01.27"]
[Round "12"]
[White "Negi,P"]
[Black "Nepomniachtchi,I"]
[Result "1/2-1/2"]
[WhiteElo "2538"]
[BlackElo "2587"]

1.e4 e6 2.d4 d5 3.Nc3 Nf6 4.Bg5 Bb4 5.e5 h6 6.Bc1 Ne4 7.Qg4 g6 8.Ne2 c5 9.a3 Ba5
10.dxc5 Nc6 11.b4 Nxe5 12.Qh3 Bc7 13.Nxe4 dxe4 14.Nc3 a5 15.Rb1 axb4 16.axb4 Bd7
17.Bb2 Bc6 18.Rd1 Qf6 19.Nb5 Bb8 20.Bd4 Qf5 21.Qc3 O-O 22.Nd6 Bxd6 23.cxd6 Nd7
24.b5 Bd5 25.g4 Qxg4 26.Qg3 Qf3 27.Bg2 Qh5 28.O-O f5 29.f4 Rfc8 30.Rd2 Ra2
31.Rc1 g5 32.Bf1 Qf3 33.Rf2 Qxg3+ 34.hxg3 Bc4 35.c3 Ra3 36.Rh2 Kh7 37.Bxc4 Rxc4
38.fxg5 e5 39.Rxh6+ Kg7 40.Bf2 Raxc3 41.Rxc3 Rxc3 42.Re6 e3 43.Re7+ Kg6 44.Be1 Rc1
45.Kf1 Nc5 46.Ke2 f4 47.d7 f3+ 48.Kxf3 Nxd7 49.Rxd7 Rxe1 50.Rxb7 Kxg5 51.b6 Kf6
52.Rc7 Rb1 53.Rc6+ Kf5 54.g4+ Kg5 55.Kxe3 Kxg4  1/2-1/2

[Event "Aeroflot Open"]
[Site "Moscow RUS"]
[Date "2007.02.14"]
[Round "1"]
[White "Efimenko,Z"]
[Black "Negi,P"]
[Result "1/2-1/2"]
[WhiteElo "2616"]
[BlackElo "2538"]

1.e4 e5 2.Nf3 Nc6 3.Bc4 Nf6 4.d3 Bc5 5.c3 a6 6.Bb3 O-O 7.O-O d6 8.h3 Ba7
9.Re1 h6 10.Nbd2 Nh5 11.Nf1 Qf6 12.Be3 Nf4 13.Kh2 Be6 14.d4 Ne7 15.Bc2 c5
16.Ng3 g5 17.dxe5 dxe5 18.Bxf4 gxf4 19.Nh5 Qg6 20.Nh4 Qg5 21.Nf5 Bxf5 22.exf5 Rad8
23.Qg4 Qxg4 24.hxg4 Rd2 25.Be4 b5 26.Rad1 Rfd8 27.Bf3 Rxd1 28.Rxd1 Rxd1 29.Bxd1 c4
30.Kg1 Nd5 31.Bf3 Nb6 32.Bb7 a5 33.Bc6 b4 34.Kf1 Kf8 35.Nf6 Ke7 36.Ng8+ Kd6
37.Be8 f6 38.Bf7 bxc3 39.bxc3 e4 40.Be6 Na4 41.Bxc4 Nxc3 42.Nxf6 Kc5 43.Be6 e3
44.Nh5 Kd4 45.Nxf4 exf2 46.Nh3 Ne4 47.Nxf2 Nxf2 48.Kxf2 Ke5+ 49.Kg3 Be3  1/2-1/2

[Event "Aeroflot Open"]
[Site "Moscow RUS"]
[Date "2007.02.16"]
[Round "3"]
[White "Khairullin,I"]
[Black "Negi,P"]
[Result "1/2-1/2"]
[WhiteElo "2586"]
[BlackElo "2538"]

1.e4 c5 2.Nf3 d6 3.d4 cxd4 4.Nxd4 Nf6 5.Nc3 a6 6.Be3 e5 7.Nf3 Be7 8.Bc4 O-O
9.O-O Be6 10.Qe2 Bxc4 11.Qxc4 b5 12.Qd3 Nbd7 13.a3 Rc8 14.Rad1 Nb6 15.Qe2 Rxc3
16.Bxb6 Qxb6 17.bxc3 Rc8 18.Rd3 Nd7 19.Nd2 Nc5 20.Rg3 Ne6 21.Rb1 Bh4 22.Rf3 Qa5
23.g3 Be7 24.Nb3 Qa4 25.Qd3 g6 26.Re3 h5 27.h4 Kg7 28.Ra1 Rc7 29.Qd1 Qc4
30.Qd3 Qa4 31.Qd1 Qc4 32.Nd2 Qc6 33.Qe2 Rc8 34.Nb3 Bd8 35.Rd1 Bc7 36.Qd3 Bb8
37.Qd5 Qb6 38.Kg2 Rc4 39.Nd2 Rc5 40.Qd3 Qc7 41.Nf3 Rc4 42.Ng5 Nc5 43.Qd5 Qe7
44.f4 exf4 45.gxf4 f6 46.Nh3 Na4 47.Qd2 Ba7 48.Ree1  1/2-1/2

[Event "Aeroflot Open"]
[Site "Moscow RUS"]
[Date "2007.02.17"]
[Round "4"]
[White "Negi,P"]
[Black "Nepomniachtchi,I"]
[Result "0-1"]
[WhiteElo "2538"]
[BlackElo "2587"]

1.e4 e6 2.d4 d5 3.Nc3 Nf6 4.Bg5 Bb4 5.e5 h6 6.Bc1 Ne4 7.Qg4 g5 8.a3 Ba5 9.b4 Nxc3
10.bxa5 c5 11.h4 Ne4 12.Bd3 Qxa5+ 13.Kf1 h5 14.Qe2 g4 15.Bxe4 dxe4 16.Qxe4 Qc3
17.Rb1 Qxd4 18.Qxd4 cxd4 19.f3 Nd7 20.Bg5 b6 21.fxg4 Ba6+ 22.Ke1 Rc8 23.gxh5 Rxc2
24.Nf3 Rxg2 25.h6 O-O 26.Rh2 Rxh2 27.Nxh2 Nxe5 28.Bf6 Nd7 29.Ng4 Kh7 30.Bxd4 e5
31.Bb2 f5 32.Rd1 Bb5 33.Ne3 Nc5 34.Rd5 f4 35.Ng4 f3 36.Bxe5 Nd3+ 37.Rxd3 Bxd3
38.Kf2 Rc8 39.Bg7 Rc2+ 40.Ke3 Bf5 41.Nf6+ Kg6 42.h5+ Kf7 43.Kxf3 Ra2 44.Kf4 Bb1
45.Nd5 Rxa3 46.Nc3 Bd3 47.Ke3 Bh7 48.Kd4 Ra5 49.Nd5 Ra4+ 50.Ke5 Rc4 51.Kd6 b5
52.Be5 Be4 53.Bc3 a6 54.Bb2 b4 55.Ne3 Rc6+ 56.Ke5 Bh7 57.Ng4 a5 58.Kd5 Rc2
59.Bg7 b3 60.Ne5+ Kg8 61.Nc4 a4 62.Be5 Bd3 63.Kd4  0-1

[Event "Aeroflot Open"]
[Site "Moscow RUS"]
[Date "2007.02.18"]
[Round "5"]
[White "Ivanov,AV USA"]
[Black "Negi,P"]
[Result "1-0"]
[WhiteElo "2577"]
[BlackElo "2538"]

1.e4 e5 2.Nf3 Nc6 3.Bb5 a6 4.Bxc6 dxc6 5.O-O Qf6 6.h3 Ne7 7.c3 c5 8.d4 cxd4
9.cxd4 exd4 10.Nxd4 Bd7 11.Nc3 O-O-O 12.Be3 Qg6 13.Qf3 Nc6 14.Nxc6 Bxc6 15.Rad1 Bd6
16.Bf4 f5 17.Bxd6 fxe4 18.Qe3 cxd6 19.Nd5 Kb8 20.Nb4 d5 21.Rd4 Qe6 22.Rfd1 Rhf8
23.f3 Rc8 24.Nxd5 Bxd5 25.Rxd5 Qf6 26.Qxe4 Qxb2 27.Rd7 h6 28.Kh2 Rc2 29.Rxb7+ Qxb7
30.Qxc2 Qc7+ 31.Qxc7+ Kxc7 32.Rd4 Rf5 33.Rg4 g5 34.h4 Ra5 35.hxg5 hxg5 36.a4 Kd7
37.Re4 Rc5 38.Kg3 Kd6 39.Kg4 Ra5 40.Kh5 Kc6 41.Rg4 Kb6 42.Kg6 Kc6 43.Kf6 Kd6
44.Rd4+ Kc5 45.Re4 Kc6 46.g4 Kd7 47.f4 gxf4 48.Rxf4 Rc5 49.Re4 Rc6+ 50.Kf5 Rc5+
51.Re5 Rc4 52.a5 Rc1 53.g5 Rf1+ 54.Kg6 Rf2 55.Rf5 Ra2 56.Kf7 Re2 57.g6 Re7+
58.Kg8 Ke6 59.Rf1 Rb7 60.g7 Rb2 61.Rh1 Kd5  1-0

[Event "Aeroflot Open"]
[Site "Moscow RUS"]
[Date "2007.02.19"]
[Round "6"]
[White "Berg,E"]
[Black "Negi,P"]
[Result "1-0"]
[WhiteElo "2586"]
[BlackElo "2538"]

1.e4 e5 2.Nf3 Nc6 3.Bb5 a6 4.Ba4 Nf6 5.O-O Be7 6.Re1 b5 7.Bb3 O-O 8.h3 Bb7
9.d3 Re8 10.Ng5 Rf8 11.Nf3 Re8 12.Nbd2 Bf8 13.Ng5 Re7 14.f4 d6 15.Nf1 Nd4
16.Ng3 Nxb3 17.axb3 exf4 18.Bxf4 g6 19.Qd2 h6 20.Nf3 Kh7 21.Re2 Bg7 22.Rf1 c5
23.Ref2 d5 24.Bxh6 dxe4 25.Bxg7 e3 26.Bxf6 exd2 27.Nxd2 Kg8 28.Rf4 Re3 29.Nge4 Bxe4
30.Bxd8 Bxg2 31.Kxg2  1-0

[Event "15th Sigeman & Co"]
[Site "Malmo SWE"]
[Date "2007.04.20"]
[Round "3"]
[White "L'Ami,E"]
[Black "Negi,P"]
[Result "1-0"]
[WhiteElo "2617"]
[BlackElo "2515"]

1.d4 d5 2.c4 e6 3.Nf3 Nf6 4.g3 c6 5.Bg2 dxc4 6.Ne5 Bb4+ 7.Bd2 Be7 8.Bc3 a5
9.a4 Ra6 10.Na3 Bxa3 11.bxa3 Nd5 12.Qd2 b5 13.Rb1 Bd7 14.O-O O-O 15.Rb2 Be8
16.Rfb1 f6 17.Nxc4 Bg6 18.Bxa5 Qc8 19.Nd6 Qd7 20.Ne4 Qa7 21.Bb4 Nxb4 22.Rxb4 Rxa4
23.Rxa4 Qxa4 24.Qb4 Qc2 25.Nc3 Rd8 26.e3 e5 27.Re1 h6 28.d5 cxd5 29.Nxd5 Qc4
30.Ne7+ Kh7 31.Nxg6 Qxb4 32.axb4 Kxg6 33.Ra1 Rd6 34.Ra5 Rd1+ 35.Bf1 Nc6 36.Rxb5 Rb1
37.Rb6 Nxb4 38.Kg2 Rb2 39.Rb7 e4 40.Rb5 Kf7 41.g4 g5 42.Bc4+ Ke7 43.h4 gxh4
44.Kh3 Kd6 45.Kxh4 Rb1 46.Kg3 Rg1+ 47.Kh2 Rb1 48.Kg2 Kc6 49.Rf5 Rb2 50.Rxf6+ Kc5
51.Bf1 Nd5 52.Rf5 Kd6 53.Kg3 Nc3 54.Rf6+ Ke7 55.Rxh6 Nd1 56.Rh7+ Kf6 57.Bc4 Kg6
58.Rf7 Rb4 59.Bd5 Nc3 60.Rf5 Ne2+ 61.Kg2 Nc3 62.Bf7+ Kg7 63.g5 Nb5 64.Bh5 Nd6
65.Rd5 Nc4 66.Rd4 Rb5 67.Rxc4  1-0

[Event "15th Sigeman & Co"]
[Site "Malmo SWE"]
[Date "2007.04.22"]
[Round "5"]
[White "Negi,P"]
[Black "Timman,J"]
[Result "1-0"]
[WhiteElo "2515"]
[BlackElo "2545"]

1.e4 e5 2.Nf3 Nc6 3.Bb5 a6 4.Ba4 Nf6 5.O-O Be7 6.Re1 b5 7.Bb3 O-O 8.h3 Bb7
9.d3 d6 10.a3 Nb8 11.Nbd2 Nbd7 12.Nf1 Nc5 13.Ba2 Ne6 14.Ng3 Re8 15.c3 c5
16.d4 c4 17.b3 exd4 18.cxd4 d5 19.e5 Ne4 20.Nf5 Bf8 21.Qc2 Rc8 22.bxc4 bxc4
23.Nh2 Qa5 24.Be3 g6 25.f3 gxf5 26.fxe4 dxe4 27.Qf2 Red8 28.Qxf5 Nxd4 29.Bxd4 Rxd4
30.Ng4 Bg7 31.Rab1 Rc7 32.Re3 Qc5 33.Kh2 Rd6 34.Rc3 e3 35.Rxc4 Rd2 36.Rxb7 Rxg2+
37.Kxg2 Qd5+ 38.Kg3 Qxb7 39.Rd4 Qb8 40.Nf6+  1-0

[Event "15th Sigeman & Co"]
[Site "Malmo SWE"]
[Date "2007.04.23"]
[Round "6"]
[White "Berg,E"]
[Black "Negi,P"]
[Result "1-0"]
[WhiteElo "2574"]
[BlackElo "2515"]

1.e4 c5 2.Nf3 d6 3.d4 cxd4 4.Nxd4 Nf6 5.Nc3 a6 6.Bg5 e6 7.f4 Nbd7 8.Qf3 Qc7
9.O-O-O b5 10.Bd3 Bb7 11.Rhe1 Qb6 12.Nd5 Qxd4 13.Bxf6 gxf6 14.Bxb5 Qc5 15.Nxf6+ Kd8
16.Nxd7 Qxb5 17.Nxf8 Rxf8 18.Qa3 Ke8 19.Qxd6 Qc6 20.Qd4 Qc7 21.f5 Rg8 22.g3 Rc8
23.Rd2 e5 24.Qa4+ Kf8 25.Rd7 Qc6 26.Qb4+ Kg7 27.Qd2 Kh8 28.c3 f6 29.Rd1 Rg7
30.Rd6 Qa4 31.Rd8+ Rg8 32.Qh6 Rxc3+ 33.Kb1 Bxe4+ 34.Ka1 Qxd1+ 35.Rxd1 Rc6
36.Qh5 Rgc8 37.b3 R6c7 38.Qh6 Rf7 39.Rd6 Rcf8 40.g4 Bb7 41.h4 e4 42.g5 Re8
43.Rxf6  1-0

[Event "MTO"]
[Site "Biel SUI"]
[Date "2007.07.23"]
[Round "1"]
[White "Negi,P"]
[Black "Charmier,G"]
[Result "1-0"]
[WhiteElo "2529"]
[BlackElo "2167"]

1.e4 e6 2.d4 d5 3.Nc3 Bb4 4.e5 c5 5.a3 Bxc3+ 6.bxc3 Qc7 7.Qg4 f5 8.Qg3 cxd4
9.cxd4 Ne7 10.Ne2 O-O 11.c3 b6 12.Nf4 Qd7 13.a4 Ba6 14.Bb5 Bxb5 15.axb5 a6
16.h4 Rf7 17.O-O a5 18.Ba3 Ra7 19.Bd6 Rb7 20.c4 dxc4 21.d5 Nxd5 22.Nxd5 exd5
23.e6 Qxe6 24.Bxb8 d4 25.Rfe1 Qc8 26.Bd6 Rbd7 27.Re6 d3 28.Qe5 Rd8 29.Qd5 Kh8
30.Rae1 Rfd7 31.Re7 Rxe7 32.Rxe7 d2 33.Qxd2 h6  1-0

[Event "MTO"]
[Site "Biel SUI"]
[Date "2007.07.24"]
[Round "2"]
[White "Domont,A"]
[Black "Negi,P"]
[Result "0-1"]
[WhiteElo "2361"]
[BlackElo "2529"]

1.e4 e5 2.Bc4 Nf6 3.d3 Nc6 4.Nf3 Be7 5.O-O O-O 6.Re1 d6 7.a4 Kh8 8.a5 a6
9.d4 Bg4 10.d5 Nd4 11.Be2 Nxe2+ 12.Qxe2 c6 13.h3 Bxf3 14.Qxf3 cxd5 15.exd5 Rc8
16.Qb3 Qc7 17.Nc3 Nd7 18.Ne2 f5 19.Nf4 Nc5 20.Qe3 Qd7 21.b4 exf4 22.Qxe7 Rfe8
23.Qxe8+ Rxe8 24.Rxe8+ Qxe8 25.bxc5 Qe1+ 26.Kh2 Qxf2 27.Ra3 Qxc5 28.Rb3 Qxc2
29.Rxb7 g5 30.Ba3 g4 31.hxg4 fxg4 32.Bb2+ Kg8 33.Rg7+ Kf8 34.Bd4  0-1

[Event "MTO"]
[Site "Biel SUI"]
[Date "2007.07.25"]
[Round "3"]
[White "Negi,P"]
[Black "Houhou,O"]
[Result "1-0"]
[WhiteElo "2529"]
[BlackElo "2319"]

1.e4 c5 2.Nf3 b6 3.d4 cxd4 4.Nxd4 Bb7 5.Nc3 a6 6.Bd3 e6 7.O-O Qc7 8.Nb3 d6
9.f4 Nd7 10.Be3 Ngf6 11.Qf3 Be7 12.Qh3 h5 13.Kh1 Ng4 14.Bg1 O-O-O 15.Qf3 Nc5
16.a4 d5 17.exd5 exd5 18.Nd4 Bf6 19.a5 bxa5 20.Na4 Ne4 21.Nb3 Rd6 22.c4 Nd2
23.Nxd2 dxc4 24.Bf5+ Kb8 25.Qe2 Qc6 26.Be4 Rxd2 27.Qxd2 Qxe4 28.Nc5 Qc6 29.Nxb7 Kxb7
30.Qxa5 Bxb2 31.Ra4 Bc3 32.Rb1+ Kc8 33.Qf5+ Kd8 34.Rb8+ Kc7 35.Rxh8 Qxa4
36.Qc8+ Kd6 37.Rd8+ Ke7 38.Bc5+  1-0

[Event "MTO"]
[Site "Biel SUI"]
[Date "2007.07.26"]
[Round "4"]
[White "Cebalo,M"]
[Black "Negi,P"]
[Result "1-0"]
[WhiteElo "2533"]
[BlackElo "2529"]

1.d4 d5 2.c4 e6 3.Nf3 Nf6 4.Nc3 Be7 5.Bg5 h6 6.Bh4 O-O 7.e3 b6 8.Bd3 Bb7
9.O-O Nbd7 10.Qe2 Ne4 11.Bg3 Nxg3 12.hxg3 dxc4 13.Bxc4 a6 14.Rfd1 b5 15.Bd3 Qb8
16.a4 bxa4 17.Rxa4 a5 18.Bb1 Rd8 19.Qc2 g6 20.d5 exd5 21.Nxd5 Bxd5 22.Rxd5 Bb4
23.Ra1 Qb6 24.Ba2 Qf6 25.Rad1 Bd6 26.R1d4 Rab8 27.Rxa5 Ra8 28.b4 Rxa5 29.bxa5 Ra8
30.Qc4  1-0

[Event "MTO"]
[Site "Biel SUI"]
[Date "2007.07.28"]
[Round "6"]
[White "Kaplan,S"]
[Black "Negi,P"]
[Result "1-0"]
[WhiteElo "2437"]
[BlackElo "2529"]

1.e4 c5 2.Nf3 d6 3.d4 cxd4 4.Nxd4 Nf6 5.Nc3 a6 6.Be2 e5 7.Nb3 Be7 8.O-O O-O
9.Kh1 b6 10.Be3 Bb7 11.f3 b5 12.a4 b4 13.Nd5 Nxd5 14.exd5 a5 15.c3 bxc3 16.bxc3 Bg5
17.Bxg5 Qxg5 18.Rb1 Bc8 19.Qd2 Qh4 20.f4 Nd7 21.c4 exf4 22.Rxf4 Qe7 23.Rbf1 Ne5
24.c5 dxc5 25.d6 Qg5 26.Nxc5 Ng6 27.Ne4 Qe5 28.R4f2 Bb7 29.Ng5 Nh4 30.Bc4 Qc5
31.Bxf7+ Kh8 32.Ne6  1-0

[Event "MTO"]
[Site "Biel SUI"]
[Date "2007.07.31"]
[Round "8"]
[White "Negi,P"]
[Black "Zoler,D"]
[Result "0-1"]
[WhiteElo "2529"]
[BlackElo "2465"]

1.e4 e5 2.Nf3 Nc6 3.Bb5 a6 4.Ba4 Nf6 5.O-O Be7 6.Re1 b5 7.Bb3 d6 8.c3 O-O
9.h3 Nb8 10.d4 Nbd7 11.Nbd2 Bb7 12.Bc2 Re8 13.Nf1 Bf8 14.Ng3 g6 15.Nh2 Bg7
16.f4 Qe7 17.dxe5 dxe5 18.f5 c5 19.h4 c4 20.h5 g5 21.Bxg5 h6 22.Be3 Kh7 23.b4 cxb3
24.axb3 Rac8 25.Qd2 Rc6 26.Bf2 Rec8 27.Re3 Qd8 28.Ne2 Bf8 29.b4 Qc7 30.Bb3 Nb6
31.Bh4 Rd6 32.Qa2 Nc4 33.Bxc4 Qb6 34.Bf2 Rxc4 35.Ng3 Qd8 36.Re2 Rd3 37.Nf3 Qc7
38.Rd2 Rxd2 39.Qxd2 Nxe4 40.Nxe4 Bxe4 41.Rxa6 Qc8 42.Rf6 Qe8 43.Qe3 Bg7 44.Nd2 Bxf6
45.Nxc4 Bxg2 46.Nd6 Qf8 47.Nxb5 Bc6 48.Na7 Ba8 49.b5 Qd8 50.Nc6 Qd1+ 51.Kg2 Qxh5
52.Qe4 Qg5+ 53.Kf3 Qd2 54.c4 Bb7 55.Bg3 Qd1+ 56.Kg2 Qd2+ 57.Kf3 Qd1+ 58.Kg2 Qd2+
59.Kh3 Qc3 60.Kg4 h5+ 61.Kh3 h4 62.Qg4 Qxg3+ 63.Qxg3 hxg3 64.Kxg3 Bxc6 65.bxc6 Bd8
66.Kf3 Kg7 67.Ke4 Kf6 68.Kd5 Bc7  0-1

[Event "MTO"]
[Site "Biel SUI"]
[Date "2007.08.02"]
[Round "10"]
[White "Negi,P"]
[Black "Hug,W"]
[Result "1/2-1/2"]
[WhiteElo "2529"]
[BlackElo "2440"]

1.e4 e6 2.d4 d5 3.Nc3 Bb4 4.e5 c5 5.a3 Bxc3+ 6.bxc3 Ne7 7.Qg4 cxd4 8.Qxg7 Rg8
9.Qxh7 Nbc6 10.f4 Qa5 11.Ne2 dxc3 12.Qd3 Nb4 13.Qd1 Nf5 14.Rg1 Nc6 15.g4 Qc5
16.Qd3 Nfd4 17.Nxd4 Qxd4 18.Be3 Qa4 19.h4  1/2-1/2

[Event "MTO"]
[Site "Biel SUI"]
[Date "2007.08.03"]
[Round "11"]
[White "Landenbergue,C"]
[Black "Negi,P"]
[Result "0-1"]
[WhiteElo "2458"]
[BlackElo "2529"]

1.e4 e5 2.Nf3 Nc6 3.Bb5 a6 4.Ba4 Nf6 5.O-O Be7 6.Bxc6 dxc6 7.Qe1 Bd6 8.d4 Nd7
9.Nbd2 O-O 10.Nc4 exd4 11.Nxd4 Re8 12.f3 Bf8 13.Be3 c5 14.Nf5 Nb6 15.Nxb6 cxb6
16.g4 Qf6 17.Qc1 Bxf5 18.gxf5 Bd6 19.c3 g6 20.fxg6 hxg6 21.Qc2 Rad8 22.Rad1 Bc7
23.Qg2 Qe6 24.b3 Kg7 25.Bf2 Qf6 26.c4 b5 27.cxb5 axb5 28.Bxc5 Rh8 29.Rxd8 Bxh2+
30.Qxh2 Qg5+ 31.Qg2 Qxc5+ 32.Qf2 Qg5+ 33.Qg2 Qe3+ 34.Qf2 Qg5+ 35.Qg2 Qxd8
36.Qb2+ Kg8 37.Qc1 Rh5 38.Qf4 Rg5+ 39.Kf2 Qd4+  0-1

[Event "NH Chess Tournament"]
[Site "Amsterdam NED"]
[Date "2007.08.22"]
[Round "1"]
[White "Beliavsky,A"]
[Black "Negi,P"]
[Result "1/2-1/2"]
[WhiteElo "2653"]
[BlackElo "2529"]

1.d4 Nf6 2.c4 g6 3.Nc3 d5 4.Nf3 Bg7 5.Qb3 dxc4 6.Qxc4 O-O 7.e4 a6 8.e5 b5
9.Qb3 Nfd7 10.e6 fxe6 11.Be3 Nf6 12.a4 b4 13.Qxb4 Nc6 14.Qc5 Qd6 15.Bc4 Rb8
16.O-O Rxb2 17.Rab1 Rb4 18.Ba2 Qxc5 19.dxc5 Ng4 20.Nd5 Rxa4 21.Bb3 Re4 22.Nxc7 Nxe3
23.fxe3 Rxe3 24.Ba4 Nd4 25.Nxd4 Bxd4 26.Rxf8+ Kxf8 27.Kf1 Ra3 28.Rb8 Rxa4
29.Nxe6+ Kf7 30.Nxd4 Rxd4 31.Rxc8 Ke6 32.Rc6+ Kd5 33.Rxa6 Kxc5 34.Re6 Rd7
35.h4 Kd5 36.Re3 e5 37.Kf2 Rc7 38.Rd3+ Ke4 39.Rd2 h5 40.Ra2 Kf5 41.Ra8 Rc4
42.Kg3 Rc3+ 43.Kf2 Rc6 44.Ra3 Kf4 45.Ra4+ e4 46.g3+ Kf5 47.Rb4 Rc2+ 48.Kf1 Rc1+
49.Kg2 Rc2+ 50.Kf1 e3 51.Rf4+ Ke5 52.Rf8 Ke4 53.Rf6 Rc1+ 54.Ke2 Rc2+ 55.Kf1 Ra2
56.Ke1 Ra1+ 57.Ke2 Ra2+ 58.Ke1 Rg2 59.Rxg6 Kf3 60.Rf6+ Kg4 61.Rg6+ Kf3 62.Rf6+ Kxg3
63.Re6 Kf4 64.Rh6 Rg1+ 65.Ke2 Rg2+ 66.Ke1 Kg4 67.Rg6+ Kh3 68.Rxg2 Kxg2 69.Ke2 Kg3
70.Kxe3 Kxh4 71.Kf2  1/2-1/2

[Event "NH Chess Tournament"]
[Site "Amsterdam NED"]
[Date "2007.08.23"]
[Round "2"]
[White "Negi,P"]
[Black "Ljubojevic,L"]
[Result "1/2-1/2"]
[WhiteElo "2529"]
[BlackElo "2550"]

1.e4 e5 2.Nf3 Nc6 3.Bb5 Nf6 4.O-O Nxe4 5.Qe2 Nf6 6.d4 e4 7.Nbd2 Qe7 8.Re1 d5
9.Ne5 Bd7 10.Bxc6 Bxc6 11.Nxc6 bxc6 12.f3 Qe6 13.fxe4 dxe4 14.Nxe4 Nxe4 15.Qxe4 Qxe4
16.Rxe4+ Kd7 17.Bd2 Bd6 18.Rf1 f6 19.Rg4 Rhg8 20.Rh4 h6 21.Rf5 Rge8 22.Kf2 Re7
23.Rf3 Rae8 24.Re3 f5 25.Rxe7+ Bxe7 26.Rh3 Bf6 27.c3 Rb8 28.b3 Rb6 29.Rf3 Ra6
30.a4 Ke6 31.Bf4 Rb6 32.b4 Rb7 33.a5 g5 34.a6 Rb6 35.Bxc7 Rxa6 36.Ba5 f4
37.g3 fxg3+ 38.hxg3 h5 39.Ke2 Be7 40.Re3+ Kf6 41.c4 c5 42.dxc5 Re6 43.Bc7 Rxe3+
44.Kxe3 Ke6 45.Kd4 Bf6+ 46.Ke4 Be7 47.Be5 h4 48.g4 Kd7 49.Kd5 Bd8 50.c6+ Kc8
51.b5 Bc7 52.Bxc7 Kxc7 53.Ke4 a5 54.bxa6 Kxc6 55.c5 Kc7 56.Kf3 Kc6 57.Kg2 Kc7
58.Kh3  1/2-1/2

[Event "NH Chess Tournament"]
[Site "Amsterdam NED"]
[Date "2007.08.25"]
[Round "4"]
[White "Negi,P"]
[Black "Khalifman,A"]
[Result "1/2-1/2"]
[WhiteElo "2529"]
[BlackElo "2632"]

1.e4 c5 2.Nf3 Nc6 3.Nc3 g6 4.d4 cxd4 5.Nxd4 Bg7 6.Be3 Nf6 7.Bc4 Qa5 8.O-O O-O
9.Bb3 d6 10.h3 Bd7 11.Re1 Rfc8 12.f4 Nxd4 13.Bxd4 Bc6 14.Nd5 Bxd5 15.exd5 Re8
16.c4 a6 17.Bc3 Qc5+ 18.Bd4 Qa5 19.Bc3 Qc5+  1/2-1/2

[Event "NH Chess Tournament"]
[Site "Amsterdam NED"]
[Date "2007.08.28"]
[Round "6"]
[White "Negi,P"]
[Black "Beliavsky,A"]
[Result "0-1"]
[WhiteElo "2529"]
[BlackElo "2653"]

1.e4 e5 2.Nf3 Nc6 3.Bb5 a6 4.Ba4 Nf6 5.O-O Be7 6.Re1 b5 7.Bb3 d6 8.c3 O-O
9.h3 Bb7 10.d4 Re8 11.Nbd2 Bf8 12.d5 Nb8 13.Nf1 Nbd7 14.Ng3 Nc5 15.Bc2 c6
16.b4 Ncd7 17.dxc6 Bxc6 18.Bb3 Nb6 19.Nh2 a5 20.bxa5 Nc4 21.Bg5 h6 22.Bxf6 Qxf6
23.Ng4 Qd8 24.Ne3 Nxa5 25.Bd5 Rc8 26.Rb1 Bxd5 27.Nxd5 Rc5 28.Qd3 Nc4 29.Nf5 Nb6
30.Nfe3 Nxd5 31.Nxd5 Qa5 32.Re2 Ra8 33.Rb4 Qa6 34.Reb2 g6 35.Qf3 Qc6 36.a4 Rxa4
37.Rxa4 bxa4 38.Rb8 Qa6 39.Qf6 Rc8 40.Nc7 Rxb8 41.Nxa6 Rb1+ 42.Kh2 a3 43.Nb4 Rxb4
44.cxb4 a2 45.b5 a1=Q 46.Qd8 Kg7 47.b6 Qb2 48.Qc7 Be7 49.Qxe7 Qxb6 50.f3 Qd4
51.Qd7 Qd2 52.Qd8 h5 53.Qd7 Qf4+ 54.Kh1 Qf6 55.Qc7 g5 56.Qd7 Qe6 57.Qd8 g4
58.hxg4 hxg4 59.Kh2 Qh6+ 60.Kg3 Qf4+ 61.Kf2 Qf6 62.Qd7 Qh4+ 63.Ke2 Qg3 64.fxg4 Qxg2+
65.Ke3 Qg3+ 66.Ke2 Qf4 67.Qxd6 Qxg4+ 68.Kf2 Qf4+ 69.Kg1 Qg5+ 70.Kf2 Qf6+
71.Qxf6+ Kxf6 72.Kf3 Kg5 73.Kg3 f6  0-1

[Event "NH Chess Tournament"]
[Site "Amsterdam NED"]
[Date "2007.08.29"]
[Round "7"]
[White "Ljubojevic,L"]
[Black "Negi,P"]
[Result "1/2-1/2"]
[WhiteElo "2550"]
[BlackElo "2529"]

1.c4 e5 2.Nc3 Nc6 3.g3 g6 4.Bg2 Bg7 5.Rb1 Nge7 6.b4 a6 7.d3 d6 8.e3 Be6 9.Nd5 Rb8
10.Ne2 O-O 11.O-O Qd7 12.Bd2 f5 13.Qc2 b5 14.Rfc1 bxc4 15.Qxc4 Kh8 16.e4 f4
17.gxf4 exf4 18.Bxf4 Nd4 19.Nxd4 Bxd5 20.Qxc7 Qxc7 21.Rxc7 Bxd4 22.Be3 Bxe3
23.fxe3 Bxa2 24.Rb2 Bg8 25.Rxe7 a5 26.e5 dxe5 27.b5 a4 28.Ra7 Bb3 29.Bc6 Rfd8
30.Rd2 Bc4 31.Rxa4 Bxb5 32.Bxb5 Rxb5 33.Kf2 Rbd5 34.Ke2 Kg7  1/2-1/2

[Event "NH Chess Tournament"]
[Site "Amsterdam NED"]
[Date "2007.08.30"]
[Round "8"]
[White "Negi,P"]
[Black "Jussupow,Ar"]
[Result "1/2-1/2"]
[WhiteElo "2529"]
[BlackElo "2583"]

1.e4 e5 2.Nf3 Nc6 3.Bb5 a6 4.Ba4 d6 5.Bxc6+ bxc6 6.d4 f6 7.O-O g6 8.Qe2 Bg7
9.Rd1 Bd7 10.Qc4 Nh6 11.Nc3 Nf7 12.Be3 O-O 13.b4 exd4 14.Nxd4 Qe8 15.Re1 Kh8
16.f4 Nh6 17.Rad1 Qf7 18.Qd3 Rfe8 19.h3 Ng8 20.f5 Bh6 21.Rf1  1/2-1/2

[Event "6th ch-Asia"]
[Site "Cebu City PHI"]
[Date "2007.09.19"]
[Round "1"]
[White "Negi,P"]
[Black "Senador,E"]
[Result "1-0"]
[WhiteElo "2529"]
[BlackElo "2380"]

1.e4 c5 2.Nf3 g6 3.d4 Bg7 4.Nc3 cxd4 5.Nxd4 Nc6 6.Be3 Nf6 7.Bc4 O-O 8.Bb3 a5
9.O-O d6 10.Ndb5 Ng4 11.Bg5 h6 12.Bd2 Bd7 13.h3 Nf6 14.Be3 Nb8 15.a4 Bc6
16.e5 Ne8 17.exd6 Nxd6 18.Nxd6 exd6 19.Qd2 Qh4 20.Qxd6 Qh5 21.Nd5 Ra6 22.Nf4 Qh4
23.Nxg6 Qe4 24.Ne7+ Kh8 25.Nxc6 Rxc6 26.Qd3 Qh4 27.c3 Na6 28.Qf5 Qe7 29.Rad1 Nc5
30.Bc2  1-0

[Event "6th ch-Asia"]
[Site "Cebu City PHI"]
[Date "2007.09.21"]
[Round "3"]
[White "Negi,P"]
[Black "Batchuluun,C"]
[Result "1/2-1/2"]
[WhiteElo "2529"]
[BlackElo "2415"]

1.e4 e5 2.Nf3 Nc6 3.Bb5 a6 4.Ba4 Nf6 5.O-O Be7 6.Re1 b5 7.Bb3 O-O 8.d4 d6
9.c3 Bg4 10.d5 Na5 11.Bc2 c6 12.h3 Bc8 13.dxc6 Qc7 14.Nbd2 Qxc6 15.a4 Be6
16.Ng5 Bd7 17.Nf1 Nc4 18.b3 Na5 19.Bd2 Bd8 20.Ne3 h6 21.Nf3 Be6 22.b4 Nc4
23.Nxc4 Bxc4 24.Nh4 Be6 25.Qf3 d5 26.Nf5 dxe4 27.Rxe4 Bxf5 28.Qxf5 Qd6 29.Rd1 g6
30.Qf3 Nxe4 31.Bxe4 Rc8 32.Bxh6 Qf6 33.Bxf8 Kxf8 34.Bb7 Rb8 35.a5 Qxf3 36.gxf3 e4
37.fxe4 Bf6 38.Bxa6 Bxc3 39.Rb1 Ke7 40.Kf1 Be5 41.Ke2 g5 42.Rd1 Bc3 43.Rd5 Bxb4
44.Bxb5 Bxa5 45.Rxg5 Bc7 46.Kf3 Rb6 47.Bc4 Rf6+ 48.Ke2 Kf8 49.Rb5 Rc6 50.Kd3 Rd6+
51.Bd5 Rf6 52.Rb7 Bd6 53.Ke2 Bc5 54.f3 Rf4 55.Bb3 Be7 56.Kf2 Bh4+ 57.Kg2 Kg7
58.e5 Kf8 59.Rb8+ Kg7 60.Rb7 Kf8 61.Bd5 Rf5 62.Bc4 Be7 63.Rb5 Bh4 64.Rb8+ Kg7
65.Rb7 Kf8 66.Bb3 Rxe5 67.Rxf7+ Ke8 68.f4 Re3 69.Rh7 Bf6 70.Bd5 Be7 71.h4 Rd3
72.Be4 Rc3 73.Bg6+ Kd7 74.h5 Ke6 75.h6 Bf6 76.Rb7 Ra3 77.h7 Ra8 78.Rb6+ Ke7
79.f5 Bh8 80.Re6+ Kf8 81.f6 Bxf6 82.Rxf6+ Kg7 83.Rb6 Kh8 84.Kf3 Rd8 85.Kf4 Kg7
86.Kg5 Rd5+ 87.Bf5 Rd8 88.Rb7+ Kh8 89.Rb1 Rf8 90.Rc1 Re8 91.Bg6 Rf8 92.Rc2 Rd8
93.Bf5 Re8 94.Rc3 Rf8 95.Bc2 Rd8 96.Kf6 Rb8 97.Bb3 Rf8+ 98.Bf7 Rb8 99.Kg6  1/2-1/2

[Event "6th ch-Asia"]
[Site "Cebu City PHI"]
[Date "2007.09.23"]
[Round "5"]
[White "Negi,P"]
[Black "Toufighi,H"]
[Result "1-0"]
[WhiteElo "2529"]
[BlackElo "2391"]

1.e4 e6 2.d4 d5 3.Nc3 Bb4 4.e5 c5 5.a3 Bxc3+ 6.bxc3 Ne7 7.Qg4 Qc7 8.Qxg7 Rg8
9.Qxh7 cxd4 10.Ne2 Nbc6 11.f4 Bd7 12.Qd3 dxc3 13.Rb1 Nf5 14.Rg1 O-O-O 15.g4 Nh6
16.h3 f6 17.exf6 e5 18.fxe5 Nf7 19.Bf4 Ncxe5 20.Qxc3 Bc6 21.Nd4 Rge8 22.Kd1 Rd6
23.g5 Rg8 24.Rg3 Ng6 25.Bxd6 Nxd6 26.Nxc6 bxc6 27.Ba6+ Kd7 28.Re3 Rb8 29.Rxb8 Qxb8
30.Qb4 Qg8 31.Bd3  1-0